000 00441nam a2200181Ia 4500
001 21035
005 20260306172849.0
008 260306t2006||||xx |||||||||||||| ||spa||
041 _aESP
082 _a344
_bF39
100 _aFerrajoli, Luigi
_eAUT
245 0 _aDerecho y razón :
_bteoría del garantismo penal
260 _c2006
300 _a1019 páginas :
_c23 cm.
650 _aGEN
654 _aCDE
942 _cLIB
_dJUS
_fJUS
_2ddc
_n
999 _c21035
_d21035